Perennially Popular Female Names Quiz Stats

Quiz Updated Oct 17, 2012

Challenge
Share
Tweet
Embed
Score 0/116 Timer 15:00
5 Plays Today
% Correct
Mary
87.6%
Ann
86.4%
Elizabeth
84.4%
Sara
77.9%
Anne
77.7%
Anna
77.2%
Sarah
76.1%
Catherine
75.3%
Katherine
73.1%
Jane
68.9%
Emily
68.2%
Laura
65.7%
Emma
64.2%
Maria
63.3%
Amy
63%
Susan
62.8%
Rachel
62%
Margaret
61.7%
Marie
58.3%
Kate
58.1%
Rebecca
57.4%
Amanda
56.5%
Julie
55.9%
Rose
55.9%
Hannah
55.1%
Christine
55%
Victoria
54.5%
Alice
54.3%
Julia
54.4%
Christina
53.1%
Barbara
51.7%
Caroline
51.3%
Katie
51.1%
Olivia
49.2%
Linda
49.2%
Helen
48.1%
Grace
47%
Annie
47%
Isabel
46.4%
% Correct
Ruth
46%
Ellen
45%
Nancy
44.8%
Janet
43.2%
Deborah
42.5%
Lucy
41.7%
Charlotte
41.6%
Martha
41.6%
Frances
41.1%
Angela
40.5%
Theresa
40%
Amelia
38.6%
Kathleen
38%
Eva
37.8%
Kathryn
37.1%
Claire
37%
Jenny
36.1%
Molly
35.6%
Carolyn
35.4%
Teresa
35.1%
Natalie
34%
Sophia
33.9%
Paula
33.5%
Evelyn
32.9%
Josephine
32%
Eleanor
31.8%
Leah
31.4%
Joanna
31.4%
Rosa
30%
Judith
29.7%
Maggie
29.6%
Veronica
29.2%
Georgia
29.2%
Esther
28.6%
Cynthia
28.5%
Clara
27.9%
Nora
27.4%
Virginia
27.2%
Madeline
27%
% Correct
Jessie
26.3%
Lillian
26.3%
Irene
25.4%
Daisy
24.9%
Angelina
24.6%
Ruby
24.1%
Audrey
24%
Edith
22.5%
Cora
22.1%
Leslie
21.5%
Vivian
20.7%
Lydia
20.6%
Elise
20.5%
Iris
19.6%
Naomi
19.5%
Nina
18.7%
Bridget
18.2%
Josie
17.5%
Angie
17.4%
Elisabeth
17.3%
Cecilia
16.5%
Alma
16%
Sylvia
15.1%
Lena
14.8%
Celia
14.5%
Johanna
14.3%
Claudia
13.4%
Regina
13.2%
Camille
13.1%
Carmen
13%
Elsa
12.5%
Priscilla
11.9%
Miriam
11.3%
Corinne
10.1%
Celeste
10%
Genevieve
9.7%
Lucia
9.5%
Lorena
6%

You're not logged in!

Compare scores with friends on all Sporcle quizzes.
Join for Free
OR
Log In

You Might Also Like...

Show Comments

Extras

Top Quizzes Today


Score Distribution

Your Account Isn't Verified!

In order to create a playlist on Sporcle, you need to verify the email address you used during registration. Go to your Sporcle Settings to finish the process.

Report this User

Report this user for behavior that violates our Community Guidelines.

Details: